Crimson Rainclouds/ (Record no. 188501)
[ view plain ]
| 000 -LEADER | |
|---|---|
| fixed length control field | 00484nam a22001817a 4500 |
| 005 - DATE AND TIME OF LATEST TRANSACTION | |
| control field | 20220525121446.0 |
| 010 ## - LCCN (DPL NO) | |
| LC control number | ENG-132805 |
| 020 ## - INTERNATIONAL STANDARD BOOK NUMBER | |
| International Standard Book Number | 97893-81703-15-1 |
| Terms of availability | 300.00 |
| 035 ## - SYSTEM CONTROL NUMBER | |
| System control number | EN-116337 |
| 037 ## - SOURCE OF ACQUISITION | |
| Source of stock number/acquisition | DBAD/PUB |
| 082 ## - DEWEY DECIMAL CLASSIFICATION NUMBER | |
| Classification number | 882 |
| 100 ## - MAIN ENTRY--PERSONAL NAME | |
| Personal name | Binodini |
| 245 ## - TITLE STATEMENT | |
| Title | Crimson Rainclouds/ |
| Statement of responsibility, etc | Binodini |
| 260 ## - PUBLICATION, DISTRIBUTION, ETC. (IMPRINT) | |
| Place of publication, distribution, etc | Kolkata |
| Name of publisher, distributor, etc | Thema |
| Date of publication, distribution, etc | 2012 |
| 270 ## - ADDRESS | |
| City | Kolkata |
| Address | 46, Satish Mukherjee Road |
| Postal code | 700026 |
| 300 ## - PHYSICAL DESCRIPTION | |
| Extent | xviii,v.p |
| Dimensions | 22cm(hbk) |
| 942 ## - ADDED ENTRY ELEMENTS (KOHA) | |
| Source of classification or shelving scheme | Dewey Decimal Classification |
| Item type | English Books |
| Classification part | 882 |
| Call number suffix | BIN |
| Withdrawn status | Lost status | Not for loan | Collection code | Home library | Current library | Date acquired | Source of acquisition | Cost, normal purchase price | Full call number | Barcode | Copy number | Cost, replacement price | Koha item type |
|---|---|---|---|---|---|---|---|---|---|---|---|---|---|
| Non-fiction | Ashok Vihar | Ashok Vihar | 25/05/2022 | DBAD/PUB | 300.00 | 882 BIN | EN-116337 | 1 | 300.00 | English Books |
